La doctrina de Jesucristo (Record no. 105209)

MARC details
000 -LEADER
campo de control de longitud fija 00562nam a22001811 4500
001 - NÚMERO DE CONTROL
campo de control 105209
003 - IDENTIFICADOR DE NÚMERO DE CONTROL
campo de control ES-MaACL
005 - FECHA Y HORA DE LA ÚLTIMA TRANSACCIÓN
campo de control 20230906183819.0
007 - CAMPO FIJO DE DESCRIPCIÓN FÍSICA--INFORMACIÓN GENERAL
campo de control de longitud fija t|
008 - DATOS DE LONGITUD FIJA--INFORMACIÓN GENERAL
campo de control de longitud fija 060616s1960 sp ||||0| spa d
016 7# - NÚMERO DE CONTROL DE UNA AGENCIA BIBLIOGRÁFICA NACIONAL
Número de control cancelado/no válido IND9200523749
040 ## - FUENTE DE CATALOGACIÓN
Centro catalogador/agencia de origen M-BN
Lengua de catalogación spa
Centro/agencia transcriptor A2
100 1# - ENTRADA PRINCIPAL--NOMBRE DE PERSONA
Nombre de persona López Morant, Gabino.
9 (RLIN) 73801
245 13 - MENCIÓN DEL TÍTULO
Título La doctrina de Jesucristo
Resto del título : cuarto curso de bachillerato, plan 1957 /
Mención de responsabilidad, etc. por Monseñor Gabino López Morant.
260 ## - PUBLICACIÓN, DISTRIBUCIÓN, ETC.
Lugar de publicación, distribución, etc. Madrid :
Nombre del editor, distribuidor, etc. Gredos,
Fecha de publicación, distribución, etc. [1960] (
Fabricante Cóndor)
300 ## - DESCRIPCIÓN FÍSICA
Extensión 159 p. ;
Dimensiones 24 cm.
852 ## - LOCALIZACIÓN
Ubicación ES-MaACL
Número de control de estantería C-11354
Sublocalización o colección R.46391
Holdings
Estatus retirado Estado de pérdida Estado de daño No para préstamo Biblioteca de origen Biblioteca actual Ubicación en estantería Fecha de adquisición Fuente de adquisición Total de préstamos Signatura topográfica completa Código de barras Visto por última vez Precio de reemplazo Tipo de ítem Koha
        Biblioteca del Ateneo de Madrid Biblioteca del Ateneo de Madrid Sala Palomar 17/01/2008     C-11354 1109839 23/02/2023 23/02/2023 Libro impreso